000 00467nam a2200157Ia 4500
008 230718s9999 xx 000 0 und d
041 _aeng
082 _a330.954
_bPRA
100 _aPrakash B.A. (Editor)
245 _aIndian Economy Since 1991
_bEconomic Reforms And Performance
260 _c2009
_bPearson Education
300 _a598
365 _cRs.
_b450.00
700 _aPrakash B.A. (Editor)
906 _dO:0034126-Oct-2009B:109100060229-Sep-2009
_cIT
_b450
999 _c322833
_d322833